Filmographie Ridley Scott - Statistiques

Statistiques générales
  • Ce quiz a été pris 139 fois
  • Le résultat moyen est 11 sur 29
Statistiques - réponses
Année Films % Correct
2000 Gladiator
93%
1979 Alien, Le Huitième Passager
91%
2024 Gladiator 2
76%
2023 Napoléon
66%
1982 Blade Runner
65%
2012 Prometheus
64%
2021 Le Dernier Duel
60%
2017 Alien: Covenant
58%
1977 Les Duellistes
47%
2021 House of Gucci
46%
2005 Kingdom of Heaven
44%
1991 Thelma et Louise
44%
2010 Robin des Bois
40%
2015 Seul sur Mars
39%
2002 La Chute du faucon noir
36%
2007 American Gangster
35%
1985 Legend
29%
2001 Hannibal
26%
1992 1492 : Christophe Colomb
24%
2008 Mensonges d'État
24%
2013 Cartel
22%
2014 Exodus: Gods and Kings
21%
2017 Tout l'argent du monde
18%
1989 Black Rain
17%
2003 Les Associés
16%
2006 Une grande année
16%
1997 À armes égales
12%
1996 Lame de fond
9%
1987 Traquée
8%
Aucun quiz correspondant
Distribution des résultats
% des personnes avec chaque résultat
Percentile par nombre de réponses
Votre historique - résultats
Vous n’avez pas pris ce quiz